Personal Quality (Record no. 2860)

MARC details
000 -LEADER
fixed length control field 00435nam a22001697a 4500
005 - DATE AND TIME OF LATEST TRANSACTION
control field 20160616095419.0
008 - FIXED-LENGTH DATA ELEMENTS--GENERAL INFORMATION
fixed length control field 160616b xxu||||| |||| 00| 0 eng d
020 ## - INTERNATIONAL STANDARD BOOK NUMBER
ISBN 81-259-1179-2
041 ## - LANGUAGE CODE
Language code of text/sound track or separate title eng
082 ## - DEWEY DECIMAL CLASSIFICATION NUMBER
Item number 7890
100 ## - MAIN ENTRY--AUTHOR NAME
Personal name Raghupathy, M and Krishna Murthy, S.
245 ## - TITLE STATEMENT
Title Personal Quality
260 ## - PUBLICATION, DISTRIBUTION, ETC. (IMPRINT)
Place of publication New Delhi
Name of publisher Vikas Publishing House (P) Ltd.
Year of publication 2003
300 ## - PHYSICAL DESCRIPTION
Number of Pages 159
650 ## - SUBJECT ADDED ENTRY--TOPICAL TERM
Topical Term Management
942 ## - ADDED ENTRY ELEMENTS (KOHA)
Koha item type Books
Holdings
Lost status Damaged status Collection code Home library Current library Shelving location Date acquired Cost, normal purchase price Full call number Accession Number Koha item type
    LIFE SKILL JRU Library JRU Library SHELF-102-H 16/06/2016 150.00 158.1 7890 Books